MARC
| LEADER | 00000nam a2200000Ia 4500 | ||
|---|---|---|---|
| 005 | 20260427112648.0 | ||
| 526 | |b Immersive Arts | ||
| 100 | |a Preece Rogers Sharp | ||
| 020 | |a 9781119901099 | ||
| 650 | |a Design | ||
| 526 | |a Masters | ||
| 942 | |c BK | ||
| 245 | |a Interaction Design | ||
| 260 | |b wiley | ||
| 999 | |c 28 |d 28 | ||
| 952 | |0 0 |1 0 |4 0 |7 0 |8 4 |a BRISTOL |b BRISTOL |d 2026-04-22 |l 0 |p 000131 |r 2026-04-27 11:26:48 |w 2026-04-27 |y BK | ||